000 00614nam a22002297a 4500
005 20211012094811.0
008 211012b ||||| |||| 00| 0 eng d
020 _a8120408160
040 _cAL
041 _aeng
082 _223
_a330.095483
_bOOME
100 _aM A Oommen
_91187
245 _aEssays on Kerala Economy
260 _aNew Delhi
_bOxford and IBH Publishing Co Pvt Ltd
_c1993
300 _axiii,226p.
_bHB
_c22x14 cm.
365 _f24-03-2013
650 _aEconomic History
_91188
650 _aEconomics
_91190
650 _aEssays
_91191
700 _aOOMMEN (M A)
_91189
942 _2ddc
_cGF
999 _c216578
_d216578